000
00305nam a2200109Ia 4500
005
20251222141757.0
008
251222s9999||||xx |||||||||||||| ||spa||
082
_a
282/C81
245
0
_a
"Jóvenes, Cristo los ama, Cristo los llama, Cristo los envía"
264
_b
Conferencia Episcopal Peruana
942
_c
LIB
999
_c
6038
_d
6038